000 01438nam a22003494i 4500
999 _c47234
_d47234
001 20887
003 CO-MdFUSB
005 20190311155857.0
008 190308t1997 sp ||||| |||| 00| 0 spa d
040 _aCO-MdFUSB
_bspa
_cCO-MdFUSB
_dCO-MdFUSBC
_erda
041 _aspa
082 _223
_aG 223.807
_bB295e
100 1 _aBarucq, André
_eautor
240 _aEcclésiaste. Quhéleth. Traduction et commentaire
245 1 0 _aEclesiastés Qoheleth
_b: texto y comentario
_c/ André Barucq ; traducido por José María Bernáldez y Romero
260 _a FAX
264 1 _aMadrid, España :
_bEdiciones Fax,
_c℗[1971]
264 4 _c©1971
300 _a209 páginas
_c: 22 cm
336 _atexto
_btxt
_2rdacontent
337 _2rdamedia
_asin mediación
_bn
338 _2rdacarrier
_avolumen
_bnc
490 1 _aActualidad Bíblica
500 _aTítulo original en francés: Ecclésiaste. Qohéleth
505 0 _aEl autor -- Fecha y medio de origen del libro -- Orientaciones para la lectura -- Los principales temas del libro -- Problema de la unidad de autor -- Qoheleth y la filosofía griega -- El libro como Escritura -- Traducción y comentario
563 _aTapa rústica
630 0 7 _aBiblia.
_pAntiguo Testamento
630 7 _aBiblia.
_pEclesiastes
_xCrítica, interpretación, etc.
700 _91543
_aBernáldez y Romero, José María
_etraductor
830 _aActualidad Bíblica
_vvol. 19
942 _cBK